Catálogo - Centro de Recursos para el Aprendizaje y la Investigación

Volver al Sitio - CRAI Biblioteca

Obras selectas / (Registro nro. 113467)

Detalles MARC
000 -CABECERA
campo de control de longitud fija 03094nam a2200337 4500
001 - NÚMERO DE CONTROL
campo de control 113467
003 - IDENTIFICADOR DEL NÚMERO DE CONTROL
campo de control DR-UNIBE
005 - FECHA Y HORA DE LA ÚLTIMA TRANSACCIÓN
campo de control 20250428141910.0
008 - DATOS DE LONGITUD FIJA--INFORMACIÓN GENERAL
campo de control de longitud fija 250422b2025 dr ||||| |||| 00| 0 spa d
020 ## - NÚMERO INTERNACIONAL ESTÁNDAR DEL LIBRO
Número Internacional Estándar del Libro 9789945251234
040 ## - FUENTE DE LA CATALOGACIÓN
Centro catalogador/agencia de origen BIBLIOTECA UNIBE
Lengua de catalogación spa
Centro/agencia transcriptor BIBLIOTECA UNIBE
Normas de descripción rda
041 ## - CÓDIGO DE LENGUA
Código de lengua del texto/banda sonora o título independiente spa
082 ## - NÚMERO DE LA CLASIFICACIÓN DECIMAL DEWEY
Número de edición 22
Número de clasificación RD 972.93 B142o
100 10 - ENTRADA PRINCIPAL--NOMBRE DE PERSONA
Nombre de persona Báez Evertsz, Franc,
Fechas asociadas al nombre 1948-2016
Forma completa/desarrollada del nombre (Báez Evertsz, Francisco Bienvenido)
Término indicativo de función/relación autor
9 (RLIN) 56963
245 10 - MENCIÓN DE TÍTULO
Título Obras selectas /
Mención de responsabilidad, etc. Franc Báez Evertsz ; preámbulo : Leopoldo Artiles Gil ; cuidado de edición : Kary Alba Rocha y Raymundo González ; diagramación : Juan Francisco Domínguez Novas ; diseño de cubierta : Yenifer De la Rosa
250 ## - MENCIÓN DE EDICIÓN
Mención de edición Primera edición
260 ## - PUBLICACIÓN, DISTRIBUCIÓN, ETC.
Lugar de publicación, distribución, etc. Santo Domingo :
Nombre del editor, distribuidor, etc. Archivo General de la Nación (AGN),
Fecha de publicación, distribución, etc. 2025
300 ## - DESCRIPCIÓN FÍSICA
Extensión tomos :
Otras características físicas fotos b/n, cuadros ;
Dimensiones 25 x 17 cm
490 ## - MENCIÓN DE SERIE
Mención de serie Archivo General de la Nación ;
Designación de volumen o secuencia 520
500 ## - NOTA GENERAL
Nota general Información del autor en las solapas
505 ## - NOTA DE CONTENIDO CON FORMATO
Nota de contenido con formato Sobre una vida dedicada a la Sociología : preámbulo a la obra del sociólogo dominicano Franc Báez Evertsz |<br/>La Formación del Sistema Agroexportador en el Caribe (República Dominicana y Cuba, 1515-1898) |<br/>Presentación.<br/>Capítulo I. Especialización y vías de desarrollo en el Caribe |<br/>Capítulo II. Especialización fallida, factores de decadencia y desigualdades estructurales |<br/>Capítulo III. Las estructuras precapitalistas de Cuba y Dominicana en la primera mitad del siglo XIX ┌<br/>Capítulo IV. La antesala del capitalismo : procesos preparatorios de la transformación | <br/>Capítulo V. El primer impulso expansivo capitalista, 149 |<br/>Bibliografía.<br/>Azúcar y Dependencia en la República Dominicana (desde la emergencia de la industria capitalista del azúcar hasta su parcial xpropiación nacional) .<br/>Prólogo. Luis Gómez |<br/>Presentación, F. B. |<br/>Introducción |<br/>Capítulo I. La transformación de la producción azucarera |<br/>Capítulo II. Formación y consolidación del enclave azucarero |<br/>Capítulo III. Hacia el control nacional del sector exportador : la Era de Trujillo |<br/>Capítulo IV. Tendencias, límites y contradicciones del proyecto trujillista |<br/>Capítulo V. Apéndice : notas sobre la disolución del proyecto trujillista y la era de Balaguer |<br/>Bibliografía |<br/>Anexos.<br/>Propuesta de una Corporación Azucarera Dominicana : Informe de Coverdale & Colpitts, 1.° de abril de 1958 |<br/>La Corporación Azucarera Dominicana : contexto histórico y ciclo de una propuesta |<br/>
650 #7 - PUNTO DE ACCESO ADICIONAL DE MATERIA--TÉRMINO DE MATERIA
Fuente del encabezamiento o término lemb
Término de materia o nombre geográfico como elemento de entrada Producción azucarera
Subdivisión general Historia
9 (RLIN) 194627
650 #7 - PUNTO DE ACCESO ADICIONAL DE MATERIA--TÉRMINO DE MATERIA
Fuente del encabezamiento o término lemb
Término de materia o nombre geográfico como elemento de entrada Exportaciones
Subdivisión general Historia
Subdivisión cronológica Era de Trujillo
9 (RLIN) 194628
651 #7 - PUNTO DE ACCESO ADICIONAL DE MATERIA--NOMBRE GEOGRÁFICO
Fuente del encabezamiento o término lemb
Nombre geográfico República Dominicana
Subdivisión general Historia
9 (RLIN) 1416
700 10 - PUNTO DE ACCESO ADICIONAL--NOMBRE DE PERSONA
Nombre de persona Rocha Arias, Kary Alba
9 (RLIN) 166060
Término indicativo de función/relación cuidado de la edición
700 10 - PUNTO DE ACCESO ADICIONAL--NOMBRE DE PERSONA
Nombre de persona González, Raymundo,
Fechas asociadas al nombre 1961-
Forma completa/desarrollada del nombre (González de Peña, Raymundo Manuel)
9 (RLIN) 144555
Término indicativo de función/relación cuidado de la edición
700 10 - PUNTO DE ACCESO ADICIONAL--NOMBRE DE PERSONA
Nombre de persona Domínguez Novas, Juan Francisco
9 (RLIN) 127336
Término indicativo de función/relación diagramador
700 10 - PUNTO DE ACCESO ADICIONAL--NOMBRE DE PERSONA
Nombre de persona De la Rosa, Yenifer
Término indicativo de función/relación diseñador de cubierta
9 (RLIN) 84991
700 10 - PUNTO DE ACCESO ADICIONAL--NOMBRE DE PERSONA
Nombre de persona Artiles Gil, Leopoldo
9 (RLIN) 27096
Término indicativo de función/relación preámbulo
942 ## - ELEMENTOS DE PUNTO DE ACCESO ADICIONAL (KOHA)
Fuente del sistema de clasificación o colocación Sistema de Clasificación Decimal Dewey
Tipo de ítem Koha Libro (general)
Existencias
Estado de retiro Estado de pérdida Fuente del sistema de clasificación o colocación No para préstamo Código de colección Localización permanente Fecha de adquisición Total de préstamos Signatura topográfica completa Código de barras Fecha visto por última vez Número de copia Precio válido a partir de Tipo de ítem Koha
  Disponible Sistema de Clasificación Decimal Dewey   General - Libros dominicanos Biblioteca Central UNIBE 28/04/2025   RD 972.93 B142o 250462 22/04/2025 Ej. 1 22/04/2025 Libro (general)
  Disponible Sistema de Clasificación Decimal Dewey   General - Libros dominicanos Biblioteca Central UNIBE 28/04/2025   RD 972.93 B142o 250463 22/04/2025 Ej. 2 22/04/2025 Libro (general)